Behavioral ecology of insect parasitoids From theoretical approaches to field applications
Written by a team of leading international specialists, Behavioral Ecology of Insect Parasitoids examines the optimal behaviors that parasitoids exhibit in order to maximize long term offspring production. It is an essential reference for research scientists and students studying these fascinating i...
Guardat en:
| Format: | Llibre |
|---|---|
| Idioma: | Undetermined |
| Publicat: |
Malden, MA
Blackwell Pub
2008
|
| Matèries: | |
| Etiquetes: |
Afegir etiqueta
Sense etiquetes, Sigues el primer a etiquetar aquest registre!
|
| Thư viện lưu trữ: | Trung tâm Học liệu Trường Đại học Cần Thơ |
|---|
| LEADER | 01298nam a2200217Ia 4500 | ||
|---|---|---|---|
| 001 | CTU_133517 | ||
| 008 | 210402s9999 xx 000 0 und d | ||
| 020 | |c 51.59 | ||
| 082 | |a 595.717857 | ||
| 082 | |b B419 | ||
| 245 | 0 | |a Behavioral ecology of insect parasitoids | |
| 245 | 0 | |b From theoretical approaches to field applications | |
| 245 | 0 | |c Edited by Eric Wajnberg, Carlos Bernstein, Jacques van Alphen | |
| 260 | |a Malden, MA | ||
| 260 | |b Blackwell Pub | ||
| 260 | |c 2008 | ||
| 520 | |a Written by a team of leading international specialists, Behavioral Ecology of Insect Parasitoids examines the optimal behaviors that parasitoids exhibit in order to maximize long term offspring production. It is an essential reference for research scientists and students studying these fascinating insects or for anyone involved in using parasitoids in biological control programs. | ||
| 650 | |a Parasitic insects,Parasitoids,Parasitic insects,Parasitoids,Insect pests,Vật dạng ký sinh,Côn trùng ký sinh,Vật dạng ký sinh,Vật gây hại | ||
| 650 | |x Behavior,Behavior,Ecology,Ecology,Biological control,Tập tính,Sinh thái học,Sinh thái học,Khống chế sinh học | ||
| 904 | |i Trọng Hiếu | ||
| 980 | |a Trung tâm Học liệu Trường Đại học Cần Thơ | ||